00672nam a2200217Ia 4500999001500000020001800015082001400033100002600047245003800073260002800111300001300139440003100152504001900183650001900202650003100221650003100252700002100283710002200304942000700326952012100333 c4447d4447 a0-415-34381-X a060 SCH-U aSchechter, Michael G. 0aUnited Nations global conferences aLondonbRoutledgec2005 axvi, 270 aGlobal institutions series aincludes index aUnited Nations aCongresses and conventions aInternational organization aWeiss, Thomas G. aWilkinson, Rorden cBK 00104070aNASSDOCbNASSDOCd2005-12-06eSAMSi2005-09-27l0o060 SCH-Up41139r2019-04-18 00:00:00w2019-04-18yBK